000 00335 a2200121 4500
001 ART_46801
005 20260410162000.0
008 260409a
245 1 0 _aArmas en fuga
100 1 _aCaverley, Jonathan
700 1 _aKapstein, Ethan
773 0 _tArchivos del presente
_g- Año 16, Nº 59 (jun. 2012)
_wREV28180
999 _c31186
_d31186